| 000 | 00696nam a2200181 a 4500 | ||
|---|---|---|---|
| 005 | 20241012063704.0 | ||
| 008 | 991125 19421943mx 000 0 spa u | ||
| 035 | _aUPN01000030932 | ||
| 049 | _aCG | ||
| 050 | 4 |
_aJL1250 S3 _bI5.5 1943 |
|
| 110 | 1 |
_aMéxico. _bSecretaría de la Asistencia Pública |
|
| 245 | 1 | 0 |
_aInforme de labores : _bpresentado al H. Ejecutivo de la Unión por el Dr. Gustavo Baz secretario del ramo / _cSecretaría de la Asistencia Pública. |
| 260 |
_aMéxico : _bSAP, _c1942-1943. |
||
| 300 | _a322 p., [50] p. de láms., 16 h. pleg. col. | ||
| 610 | 1 | 4 |
_aMEXICO. _bSECRETARIA DE LA ASISTENCIA PUBLICA - _xINFORMES |
| 650 | 0 |
_aSalud pública _zMéxico _98367 |
|
| 905 | _aLibro | ||
| 999 |
_c30932 _d30932 |
||